Normal view
MARC view
- Bhuta, Saeed
Entry Personal Name
001 - CONTROL NUMBER
- control field: 16816
003 - CONTROL NUMBER IDENTIFIER
- control field: NUST
005 - DATE AND TIME OF LATEST TRANSACTION
- control field: 20190705063738.0
008 - FIXED-LENGTH DATA ELEMENTS
- fixed length control field: 190705|| aca||aabn | a|a d
040 ## - CATALOGING SOURCE
- Original cataloging agency: NUST
- Transcribing agency: NUST
100 ## - HEADING--PERSONAL NAME
- Personal name: Bhuta, Saeed
670 ## - SOURCE DATA FOUND
- Source citation: Work cat.: (NUST): Bhuta, Saeed, Dais Diyan Waran /, 2007.
